COST ACCOUNTING PRINCIPLES AND PRACTICE (Record no. 2598)
[ view plain ]
| 000 -LEADER | |
|---|---|
| fixed length control field | 00368nam a2200157Ia 4500 |
| 003 - CONTROL NUMBER IDENTIFIER | |
| control field | OSt |
| 005 - DATE AND TIME OF LATEST TRANSACTION | |
| control field | 20240206112812.0 |
| 008 - FIXED-LENGTH DATA ELEMENTS--GENERAL INFORMATION | |
| fixed length control field | 170524s9999 xx 000 0 und d |
| 020 ## - INTERNATIONAL STANDARD BOOK NUMBER | |
| International Standard Book Number | 978-9325963948 |
| 040 ## - CATALOGING SOURCE | |
| Transcribing agency | IIMT UNIVERSITY |
| 100 ## - MAIN ENTRY--PERSONAL NAME | |
| Personal name | Arora M N |
| 100 ## - MAIN ENTRY--PERSONAL NAME | |
| Titles and words associated with a name | 2010 |
| 245 #0 - TITLE STATEMENT | |
| Title | COST ACCOUNTING PRINCIPLES AND PRACTICE |
| 260 ## - PUBLICATION, DISTRIBUTION, ETC. | |
| Place of publication, distribution, etc. | Vikas Pub. |
| 942 ## - ADDED ENTRY ELEMENTS (KOHA) | |
| Source of classification or shelving scheme | |
| Koha item type | Book Bank |
| Withdrawn status | Lost status | Source of classification or shelving scheme | Damaged status | Not for loan | Home library | Current library | Date acquired | Barcode | Date last seen | Uniform Resource Identifier | Price effective from | Koha item type | Total Checkouts | Total Renewals | Date last checked out |
|---|---|---|---|---|---|---|---|---|---|---|---|---|---|---|---|
| IIMT University Central Library Meerut | IIMT University Central Library Meerut | 05/30/2017 | 01-B-20195 | 05/30/2017 | management | 05/30/2017 | Book Bank | ||||||||
| IIMT University Central Library Meerut | IIMT University Central Library Meerut | 05/30/2017 | 01-B-20196 | 05/30/2017 | management | 05/30/2017 | Book Bank | ||||||||
| IIMT University Central Library Meerut | IIMT University Central Library Meerut | 05/30/2017 | 01-B-20197 | 01/29/2024 | management | 05/30/2017 | Book Bank | 2 | 1 | 10/06/2023 | |||||
| IIMT University Central Library Meerut | IIMT University Central Library Meerut | 05/30/2017 | 01-B-20198 | 02/07/2024 | management | 05/30/2017 | Book Bank | 2 | 09/15/2023 | ||||||
| IIMT University Central Library Meerut | IIMT University Central Library Meerut | 05/30/2017 | 01-B-20199 | 01/27/2024 | management | 05/30/2017 | Book Bank | 2 | 10/06/2023 | ||||||
| IIMT University Central Library Meerut | IIMT University Central Library Meerut | 05/30/2017 | 01-B-20200 | 02/01/2024 | management | 05/30/2017 | Book Bank | 3 | 09/20/2023 | ||||||
| IIMT University Central Library Meerut | IIMT University Central Library Meerut | 05/30/2017 | 01-B-20201 | 05/30/2017 | management | 05/30/2017 | Book Bank | ||||||||
| IIMT University Central Library Meerut | IIMT University Central Library Meerut | 05/30/2017 | 01-B-20202 | 05/30/2017 | management | 05/30/2017 | Book Bank | ||||||||
| IIMT University Central Library Meerut | IIMT University Central Library Meerut | 05/30/2017 | 01-B-20203 | 05/30/2017 | management | 05/30/2017 | Book Bank | ||||||||
| IIMT University Central Library Meerut | IIMT University Central Library Meerut | 05/30/2017 | 01-B-20204 | 05/30/2017 | management | 05/30/2017 | Book Bank |

